000 00267nam a2200109Ia 4500
008 230320s9999||||xx |||||||||||||| ||spa||
082 _a268/M5
100 _aMovilla, Secundino
245 0 _aEducación De La Fe Y Comunidad Cristiana
260 _bPPC
942 _80
_cLIB
999 _c39687
_d39687